Score 0/10 Timer 04:00
0 Plays Today
Clue City % Correct
Birthstone for OctoberOpal
100%
TV show created by Matt Parker and Trey StoneSouth Park
87.5%
A bowl for washingBasin
75%
An extinct elephantMammoth
75%
Hard outer covering of a molluskShell
75%
Former member of the militaryVeteran
75%
A worker in woodCarpenter
62.5%
1999 Johnny Depp / Christina Ricci movieSleepy Hollow
37.5%
Place with temporary accomodations such as tentsEncampment
12.5%
Bright shade of greenKelly
0%

You're not logged in!

Compare scores with friends on all Sporcle quizzes.
OR
Log In

Sporcle TV

Today on Sporcle TV


Watch our educational content, quiz creation guides, and fun videos on Sporcle TV.

Show Comments

Extras

Top Quizzes Today


Score Distribution

Paid Content

Your Account Isn't Verified!

In order to create a playlist on Sporcle, you need to verify the email address you used during registration. Go to your Sporcle Settings to finish the process.

Report this User

Report this user for behavior that violates our Community Guidelines.

Details: